BIBLIOTECA PODER JUDICIAL
Portal Judicial TDF

El decreto 342/2025 y la intervención estatal (o no) en las asociaciones sindicales / (Registro nro. 6031)

000 -LEADER
fixed length control field 01370nab a22002297a 4500
003 - CONTROL NUMBER IDENTIFIER
control field OSt
005 - DATE AND TIME OF LATEST TRANSACTION
control field 20260116203856.0
008 - FIXED-LENGTH DATA ELEMENTS--GENERAL INFORMATION
fixed length control field 190605e xxu||||| |||| 00| 0 spa d
040 ## - CATALOGING SOURCE
Transcribing agency PJ
100 ## - MAIN ENTRY--PERSONAL NAME
Personal name Bruno, Oscar A.
9 (RLIN) 6829
245 13 - TITLE STATEMENT
Title El decreto 342/2025 y la intervención estatal (o no) en las asociaciones sindicales /
Statement of responsibility, etc Oscar A. Bruno.
260 ## - PUBLICATION, DISTRIBUTION, ETC. (IMPRINT)
Place of publication, distribution, etc Ciudad Autónoma de Buenos Aires :
Name of publisher, distributor, etc Thomson Reuters La Ley,
Date of publication, distribution, etc 2025.
300 ## - PHYSICAL DESCRIPTION
Extent p. 33-39
500 ## - GENERAL NOTE
General note Cita Online: Cita: TR LALEY AR/DOC/2093/2025.
505 ## - FORMATTED CONTENTS NOTE
Formatted contents note Sumario: I. Introducción.— II. Los fundamentos expresados en el decreto.— III. Las facultades de la Autoridad de Aplicación.— IV. El art. 1° del dec. 342/25 y las nuevas facultades de la Autoridad de Aplicación.— V. Las diferencias entre ambas normas.— VI. El art. 15 del decreto.— VII. La relación (o la ausencia de ella) entre los fundamentos esgrimidos y las modificaciones realizadas.— VIII. Conclusión.
505 ## - FORMATTED CONTENTS NOTE
Title ¿Te interesa el texto completo? Solicitalo al correo: koha@justierradelfuego.gov.ar
650 #0 - SUBJECT ADDED ENTRY--TOPICAL TERM
9 (RLIN) 4583
Topical term or geographic name as entry element DERECHOS SINDICALES
650 #0 - SUBJECT ADDED ENTRY--TOPICAL TERM
9 (RLIN) 1367
Topical term or geographic name as entry element ASOCIACIONES SINDICALES
650 #0 - SUBJECT ADDED ENTRY--TOPICAL TERM
9 (RLIN) 1462
Topical term or geographic name as entry element CONFLICTOS COLECTIVOS DE TRABAJO
773 0# - HOST ITEM ENTRY
Host Biblionumber 2711
Host Itemnumber 3168
Place, publisher, and date of publication Ciudad Autónoma de Buenos Aires : Thomson Reuters La Ley, 1999-2002.
Title Revista de derecho del trabajo. Nº 5 - Septiembre 2025
942 ## - ADDED ENTRY ELEMENTS (KOHA)
Source of classification or shelving scheme
Koha item type Analítica Artículo de Revista

No hay ítems disponibles.

12 de Octubre 789 Ushuaia - Tel:  54(02901)441571
Horario de Atención: 8.00 a 17.00 hs. 
bibliotecaush@justierradelfuego.gov.ar
koha@justierradelfuego.gov.ar
Seguinos en nuestras redes @bibliojustdf 

Con tecnología Koha